| 000 | 00624nam a22001577a 4500 | ||
|---|---|---|---|
| 008 | 230526b |||||||| |||| 00| 0 eng d | ||
| 040 |
_aNational Science Library _cNational Science Library |
||
| 080 |
_aR 016:543.25 _bK4 |
||
| 100 |
_aSigneur, Austin V _98423 |
||
| 245 | _aGuide to gas chromatography literature | ||
| 260 |
_aNew York: _bPlenum Press, _c1979 |
||
| 500 | _aVol. 2 (Guide to gas chromatography literature), 349p. Vol. 3 (Guide to gas chromatography literature) ; ix, 1089p. Vol. 4 (Guide to gas chromatography literature) ; vii, 1321p. | ||
| 650 | _aBibliography | ||
| 653 | _aGas | ||
| 942 |
_2udc _cBK |
||
| 999 |
_c35184 _d35184 |
||